000
00188 a2200097 4500
020
_a
9788492916009
041
_a
spa
100
_a
Balogh, Mary
245
_a
Simplemente Magico
942
_c
BK
999
_c
10490
_d
10490